| 000 | 00000nam##2200000za#4500 |
| 001 | 9.643129 |
| 003 | CaOODSP |
| 005 | 20210624224027 |
| 007 | cr ||||||||||| |
| 008 | 150407|2003||||xxc|||||o f|0| 0 fre|d |
| 040 | |aCaOODSP|bfre |
| 043 | |an-cn--- |
| 086 | 1 |aEn40-682/2003F-PDF |
| 110 | 1 |aCanada. |bEnvironnement Canada. |bService de la protection de l'environnement. |
| 245 | 10|aStratégie de gestion du risque proposée pour le 2-butoxyéthanol / |h[ressource électronique]|cpar le Bureau national de la prévention de la pollution. |
| 246 | 17|aStratégie de gestion du risque proposée pour le 2-butoxyéthanol, en application de la LCPE de 1999 |
| 260 | |aOttawa - Ontario : |bEnvironnement Canada. |cNovembre 2003. |
| 300 | |a18p.|bfigure, références, tableaux |
| 590 | |a14-21-Supp|b2014-12-11 |
| 691 | 07|aGestion des risques|2gcpds |
| 691 | 07|aProduit toxique|2gcpds |
| 775 | 08|tProposed risk management strategy for 2-Butoxyethanol / |w(CaOODSP)9.699061 |
| 856 | 40|ahttp://publications.gc.ca|qPDF|s218 Ko|uhttps://publications.gc.ca/collections/collection_2014/ec/En40-682-2003-fra.pdf |